000 00469nam a22001817a 4500
003 OSt
005 20180116183050.0
008 160809b xxu||||| |||| 00| 0 eng d
020 _a0415076072
040 _c0
082 _a001.42 SAY 1992
100 _aAndrew Sayer
245 _aMethod in Social Science :
_bA Realist Approach
_cAndrew Sayer
260 _aUSA
_bRoutledge
_c1992
300 _a313 p.
_bHB
440 _aMethod in Social Science :
942 _2ddc
_cBK
999 _c351587
_d351587